000 00548nam a2200181Ia 4500
003 GCL
008 140319s9999 xx 000 0 ara d
040 _aGCL /
_cGCL
082 0 4 _a410
_bع ا
100 1 _aعبدالحسين شمس الدين
245 1 0 _aالعربية وادابها بين يديك /
_cعبدالحسين شمس الدين
260 _a[S.N] :
_bدار الفكر الجامعى ،
_c1984
300 _a277 ص
490 _a
650 0 4 _aطرق التدريس
650 0 4 _aاللغة العربية
942 _2ddc
_cBK
999 _c44288
_d44288